LEADER 01042nam a2200277 i 4500 001 000000039769 003 CaOOAMICUS 005 20250711143931.0 008 080329s1979 xx u000 u mul u 013 $a10925 040 $aSeMil$bita 100 1 $aWilde, Oscar <1854-1900>.$0(OLS)http://semarc/name/19341 245 10$aOpere /$cdi Oscar Wilde ; a cura di Masolino D'Amico. 264 1$aMilano :$bArnoldo Mondadori Editore,$c1979. 300 $aXXXVI, 974 p. ;$c18 cm. 490 1 $aI Meridiani 546 $aTesto in italiano, inglese e francese 700 1 $aD'Amico, Masolino,$d<1939- >.$0(OLS)http://semarc/name/19342 830 2$aI Meridiani.$0(OLS)http://semarc/title/6832 850 $aSeMil 852 $aSeMil$W1$xVenegono$y1$m1V III 101$j5924$B5924$CSeMilBibl$Z2$F5924 $81 941 1 $a1 961 $aOmaggio: Ciprandi dott. Paolo 996 $6245$aOpere$9(OLS)http://semarc/title/2208 996 $6264$aMilano :$bArnoldo Mondadori Editore$9(OLS)http://semarc/publisher/30056 LEADER 01404nam a2200265 i 4500 001 000000206635 003 CaOOAMICUS 005 20230118141054.0 008 111010s1715 it u000 u ita u 013 $a185407 026 $adib- o.a. heuo siin (3) 1715 (A) 040 $aSeMil$bita 100 1 $aSalvini, Antonio Maria,$d<1653-1729>.$0(OLS)http://semarc/name/2855 245 10$aProse toscane di Anton Maria Salvini lettore di lettere greche ... all'Altezza reale del serenissimo Gio Gastone gran principe di Toscana. 260 $aIn Firenze :$bnella Stamp. di S.A.R. per i Guiducci, e Franchi,$c1715. 300 $aX, [2], 584, [2] p. ;$c4°. 500 $aSul front.: Emblema della Crusca (Buratto. Motto: Il pił bel fior ne coglie) 500 $aSegn.: ?6 A-2N8 2O4 [chi]1 700 1 $aGuiducci, Jacopo & Franchi, Santi,$c.$0(OLS)http://semarc/name/74270 710 2 $aStamperia reale$b.$0(OLS)http://semarc/name/8486 850 $aSeMil 852 $aSeMil$W1$xVenegono$y1$m1M VI 41 FA$j157103$B157103$CSeMilBibl$Z2$F168424 $8I 996 $6245$aProse toscane di Anton Maria Salvini lettore di lettere greche ... all'Altezza reale del serenissimo Gio Gastone gran principe di Toscana$9(OLS)http://semarc/title/298846 996 $6260$aIn Firenze :$bnella Stamp. di S.A.R. per i Guiducci, e Franchi$9(OLS)http://semarc/publisher/52100